Culture Générale - Série 538 - Statistiques

Statistiques générales
  • Ce quiz a été pris 178 fois
  • Le résultat moyen est 6 sur 10
Statistiques - réponses
Question Réponse % Correct
Quel animal est Robin des bois dans le dessin animé de Walt Disney ? renard
93%
Quel fleuve coule sous le pont de Normandie ? Seine
89%
Par définition, à quel animal ressemble une personne qui a un visage simiesque ? singe
82%
Dans quel pays se trouvent les ports espagnols de Melilla et Ceuta ? Maroc
68%
De combien de communautés autonomes l'Espagne est-elle composée ? 17
67%
Dans la mode masculine, quel est le troisième élément composant un costume trois pièces avec la veste et le pantalon ? gilet
66%
Quel nom de ville allemande est le titre d'un film réalisé par Steven Spielberg ? Munich
59%
Comment appelle-t-on un petit poème ou une strophe de quatre vers ? quatrain
51%
Dans la série de dessins animés, quel animal, se prenant pour un don juan irrésistible, répond au nom de Pépé ? putois
33%
Quel objet porte-bonheur permet à Dumbo l'éléphant de s'envoler ? plume
22%
Aucun quiz correspondant
Distribution des résultats
% des personnes avec chaque résultat
Percentile par nombre de réponses
Votre historique - résultats
Vous n’avez pas pris ce quiz